| 000 | 01406nam2a2200277 i 4500 | ||
|---|---|---|---|
| 001 | RU\NLR\BIBL_A\010875667 | ||
| 005 | 20240728235722.0 | ||
| 010 |
_a9785995303978 _bКнижники |
||
| 010 |
_a978-5-9003-1020-6 _bЛехаим _91000 |
||
| 021 |
_aRU _b2015-73501 _94420 |
||
| 035 | _a(NLR Aleph) 010875667 | ||
| 090 |
_a10479432 _c10479432 |
||
| 100 | _a20151026d2015 u y0rusy50 ca | ||
| 101 | 0 | _arus | |
| 102 | _aRU | ||
| 105 | _ay w 001yy | ||
| 200 | 0 | _aТ. 1 | |
| 210 | _d2015 | ||
| 215 | _a376 с. | ||
| 320 | _aБиблиогр.: с. 372-374 и в подстроч. примеч. | ||
| 320 | _aУказ. имен в конце кн. | ||
| 461 | 0 |
_1001RU\NLR\BIBL_A\010970222 _12001#$aДерех мицвотеха [Путь заповедей твоих]$e[в 6 т.]$fРабби Менахем-Мендл из Любавичей [Цемах Цедек]$gпер. с иврита Ури Камишова$vТ. 1 _1700#1$aШнеерсон$bМ.-М.$cрабби$f1902-1994$gМенахем-Мендл$3RU\NLR\AUTH\779919 _910817983 _aЦемах Цедек (раввин ; 1789-1866) _cМосква _d2015 _fРабби Менахем-Мендл из Любавичей [Цемах Цедек] _nКнижники _o[в 6 т.] _tДерех мицвотеха [Путь заповедей твоих] _y9785995303923 _vТ. 1 |
|
| 942 | _cBOOK | ||
| 980 | _aNBR | ||